| 000 | 00455nam a2200157Ia 4500 | ||
|---|---|---|---|
| 008 | 230312s9999||||xx |||||||||||||| ||und|| | ||
| 020 | _a0-7216-8942-6 | ||
| 082 |
_a612.75 _bREE-J |
||
| 100 | _aReese ;Nancy.Berryman | ||
| 245 | 0 | _aJoint Range of Motion and Muscle Length Testing | |
| 260 |
_bW.B.Saunders Company _aUSA _c2002 |
||
| 300 | _a437 | ||
| 546 | _aEng. | ||
| 650 |
_aPhysiotherapy _vJoint Range of Motion and Muscle Length Testing |
||
| 942 | _cBK | ||
| 999 |
_c7852 _d7852 |
||